=LDR 00000nam 2200000 4500 =001 INLIS000000000019917 =005 20200714121734 =035 ##$$a 0010-061300000019917 =008 200714################g##########0#ind## =041 ##$$a Ind =082 ##$$a 2x6.3 =090 ##$$a 2 x 6.3 Kar s =100 1#$$a Karim, Adiwarman Azwar H =245 1#$$a Sejarah pemikiran ekonomi islam /$c H. Adiwarman Azwar Karim =260 ##$$a Jakarta :$b Rajagrafindo,$c 2004 =300 ##$$a xiv, 450 hlm., ; $c 20 x 14 cm. =650 #4$$a Islam, Ekonomi =850 ##$$a NBPNMAT =084 ##$$a 2x6.3 KAR s =020 ##$$a 979-3654-22-8 =250 ##$$a ed.3 =990 ##$$a 20611217 =990 ##$$a 20801177 =990 ##$$a 20801178 =990 ##$$a 20801175 =990 ##$$a 30701393 =990 ##$$a 20900662 =990 ##$$a 30701394 =990 ##$$a 20801176 =990 ##$$a 20611219 =990 ##$$a 20900661 =990 ##$$a 20900663 =990 ##$$a 20900664 =990 ##$$a 20611216 =990 ##$$a 30701394 =990 ##$$a 20611217 =990 ##$$a 20801177 =990 ##$$a 20801178 =990 ##$$a 20801175 =990 ##$$a 30701393 =990 ##$$a 20900662 =990 ##$$a 20801176 =990 ##$$a 20900661 =990 ##$$a 20900663 =990 ##$$a 20900664 =990 ##$$a 20611216 =990 ##$$a 20611219 =990 ##$$a 20611217 =990 ##$$a 20801177 =990 ##$$a 20801178 =990 ##$$a 20801175 =990 ##$$a 30701393 =990 ##$$a 20900662 =990 ##$$a 30701394 =990 ##$$a 20801176 =990 ##$$a 20900661 =990 ##$$a 20900663 =990 ##$$a 20900664 =990 ##$$a 20611216